| 000 | 00889nas a2200301 4500 | ||
|---|---|---|---|
| 001 | BR0402208 | ||
| 003 | BR-BrBNA | ||
| 005 | 20231205104517.0 | ||
| 007 | ta | ||
| 008 | 230509b bl.|||p| |||| 00| 00por d | ||
| 040 |
_aBR-BrBNA _bpor _cBiblioteca Nacional de Agricultura |
||
| 041 | _a(Pt) | ||
| 072 | _aQ04 | ||
| 100 | 1 | _aSilva, R. do N. | |
| 100 | 1 | _aMonteiro, V.N. | |
| 100 | 1 | _aAlcanfor, J.D.X. | |
| 100 | 1 | _aAssis, E.M. | |
| 100 | 1 | _aAsquieri, E.R. | |
| 245 | 1 | _aComparação de métodos para a determinação de açúcares redutores e totais em mel | |
| 650 | _aMEL | ||
| 650 | _aAÇÚCAR REDUTOR | ||
| 650 | _aMÉTODO | ||
| 650 | _aCROMATOGRAFIA | ||
| 650 | _aGOIÁS | ||
| 773 | 0 |
_tCiência e Tecnologia de Alimentos (Brazil) _xISSN 0101-2061 _g(Sep-Dec 2003), v. 23(3) p. 337-341 _wBR0402208 |
|
| 909 |
_a202311 _bLúcia _c55 _dLúcia Elande |
||
| 942 |
_2AGRIS _n0 _cANA |
||
| 999 |
_c178470 _d178470 |
||